000 00548nam a2200181Ia 4500
008 090630s9999 xx 000 0 und d
082 _b25589
100 _aकुसुमाग्रज.
245 _aविशाखा.
_cकुसुमाग्रज.
260 _bकॉन्टीनेंटल.
_c2004
300 _a111
600 _aकुसुमाग्रज.
630 _aविशाखा.
655 _aकाव्य.
700 _aकुसुमाग्रज.
730 _aविशाखा.
942 _cBOOK
999 _c277445
_d277445